Community and public culture : (Record no. 19595)

MARC details
000 -LEADER
fixed length control field 01254cam a2200337 a 4500
001 - CONTROL NUMBER
control field 13970594
003 - CONTROL NUMBER IDENTIFIER
control field BDDh-ASL
005 - DATE AND TIME OF LATEST TRANSACTION
control field 20231015025805.0
008 - FIXED-LENGTH DATA ELEMENTS--GENERAL INFORMATION
fixed length control field 050517s2004 ii af b 001 0 eng
010 ## - LIBRARY OF CONGRESS CONTROL NUMBER
LC control number 2004329523
020 ## - INTERNATIONAL STANDARD BOOK NUMBER
International Standard Book Number 0195668030
025 ## - OVERSEAS ACQUISITION NUMBER
Overseas acquisition number I-E-2004-329523; 68-92
037 ## - SOURCE OF ACQUISITION
Source of stock number/acquisition Library of Congress -- New Delhi Overseas Office
Terms of availability Rs595.00
040 ## - CATALOGING SOURCE
Original cataloging agency DLC
Transcribing agency DLC
Modifying agency BDDh-ASL
042 ## - AUTHENTICATION CODE
Authentication code lcode
043 ## - GEOGRAPHIC AREA CODE
Geographic area code a-ii---
050 00 - LIBRARY OF CONGRESS CALL NUMBER
Classification number DS432.M28
Item number H37 2004
082 ## - DEWEY DECIMAL CLASSIFICATION NUMBER
Classification number 300.54
Item number HAC
100 1# - MAIN ENTRY--PERSONAL NAME
Personal name Hardgrove, Anne.
245 10 - TITLE STATEMENT
Title Community and public culture :
Remainder of title the Marwaris in Calcutta /
Statement of responsibility, etc. Anne Hardgrove.
260 ## - PUBLICATION, DISTRIBUTION, ETC.
Place of publication, distribution, etc. New Delhi :
Name of publisher, distributor, etc. Oxford University Press,
Date of publication, distribution, etc. 2004.
300 ## - PHYSICAL DESCRIPTION
Extent xxix, 309 p., [6] p. of plates :
Other physical details ill. ;
Dimensions 23 cm.
500 ## - GENERAL NOTE
General note "First published by Columbia University Press 2002 as an e-book."
500 ## - GENERAL NOTE
General note Based on the author's thesis (Ph.D.--University of Michigan, 2000).
504 ## - BIBLIOGRAPHY, ETC. NOTE
Bibliography, etc. note Includes bibliographical references and index.
650 #0 - SUBJECT ADDED ENTRY--TOPICAL TERM
Topical term or geographic name entry element Marwaris
Geographic subdivision India
-- Kolkata
General subdivision History.
650 #0 - SUBJECT ADDED ENTRY--TOPICAL TERM
Topical term or geographic name entry element Marwaris
Geographic subdivision India
-- Kolkata
General subdivision Ethnic identity.
906 ## - LOCAL DATA ELEMENT F, LDF (RLIN)
a 7
b cbc
c origode
d 3
e ncip
f 20
g y-gencatlg
942 ## - ADDED ENTRY ELEMENTS (KOHA)
Source of classification or shelving scheme Dewey Decimal Classification
Koha item type Books
Holdings
Withdrawn status Lost status Source of classification or shelving scheme Damaged status Not for loan Collection code Home library Current library Shelving location Date acquired Source of acquisition Total Checkouts Full call number Barcode Date last seen Copy number Price effective from Koha item type Public note
    Dewey Decimal Classification   Not For Loan Non-fiction Asiatic Society Library Asiatic Society Library Ludden Collection 12/13/2020 Donated by Prof. David Ludden   300.54 HAC 102948 12/13/2020 C-1 12/13/2020 Books RARE

Powered by Koha